[Event "World Blitz Women 2025"]
[Site "Doha QAT"]
[Date "2025.12.29"]
[Round "3.7"]
[White "Savitha, Shri B"]
[Black "Danielian, Elina"]
[Result "0-1"]
[WhiteTitle "IM"]
[BlackTitle "GM"]
[WhiteElo "2334"]
[BlackElo "2408"]
[WhiteFideId "35061887"]
[BlackFideId "13300210"]
[EventDate "2025.12.29"]

1. e4 Nf6 2. e5 Nd5 3. d4 d6 4. Nf3 Nb6 5. Bd3 g6 6. O-O Bg7 7. exd6 cxd6 8. a4
O-O 9. a5 Nd5 10. Bc4 Nf6 11. c3 d5 12. Bd3 Bg4 13. h3 Bxf3 14. Qxf3 Nc6 15. a6
Qb6 16. Re1 Rfe8 17. axb7 Qxb7 18. Qg3 a5 19. Na3 e5 20. dxe5 Nh5 21. Qh4 Nxe5
22. Be2 Nd3 23. Rd1 Nxc1 24. Bxh5 Nb3 25. Bf3 Nxa1 26. Bxd5 Qxb2 27. Bxa8 Rxa8
28. Qe4 Rf8 29. Nb1 Nb3 30. h4 h5 31. Qa4 Bf6 32. g3 Kg7 33. Re1 Rd8 34. Qc4 Qc2
35. Na3 Qd2 36. Rf1 Qd5 37. Qa4 0-1

[Event "World Blitz Women 2025"]
[Site "Doha QAT"]
[Date "2025.12.29"]
[Round "3.8"]
[White "Stefanova, Antoaneta"]
[Black "Zhurova, Anna"]
[Result "1-0"]
[WhiteTitle "GM"]
[BlackTitle "WFM"]
[WhiteElo "2391"]
[BlackElo "2299"]
[WhiteFideId "2902257"]
[BlackFideId "54113075"]
[EventDate "2025.12.29"]

1. d4 Nf6 2. Nf3 e6 3. e3 d5 4. Bd3 c5 5. b3 Nc6 6. Bb2 Bd6 7. O-O O-O 8. a3 b6
9. Nbd2 Bb7 10. Ne5 Rc8 11. f4 Ne7 12. Qf3 b5 13. Be2 cxd4 14. Bxd4 Rxc2 15.
Rfd1 Nf5 16. Bd3 Nxd4 17. exd4 Rc8 18. Bxb5 Qb6 19. Qd3 Bxe5 20. fxe5 Ne4 21.
Nxe4 dxe4 22. Qe2 Rfd8 23. Bc4 Rxd4 24. Kh1 Rcd8 25. h3 e3 26. Rxd4 Qxd4 27. Re1
Qxe5 28. Qxe3 Qxe3 29. Rxe3 Rd1+ 30. Kh2 Rd2 31. Bf1 Rf2 32. Kg1 Rb2 33. b4 g6
34. Rc3 Rb1 35. Kf2 Ra1 36. Rc7 Ra2+ 37. Kg1 Bd5 38. Rxa7 Ra1 39. Kf2 Ra2+ 40.
Kg3 Ra1 41. Be2 h5 42. Bf3 Bxf3 43. gxf3 Rb1 44. h4 Kg7 45. Ra5 Kf6 46. b5 Ke5
47. a4 Kd6 48. Ra6+ Kc5 49. Ra7 f6 50. Rg7 Rg1+ 51. Kf2 Rh1 52. Kg3 Rg1+ 53. Kh2
Ra1 54. Rxg6 Rxa4 55. Kg3 Kxb5 56. Rxf6 Kc5 57. Rxe6 Kd5 58. Rh6 Ke5 59. Rxh5+
Kf6 60. Rb5 Kg6 61. Rg5+ Kf6 62. f4 Ra1 63. Rb5 Rg1+ 64. Kf3 Kf7 65. Rg5 Ra1 66.
Kg4 Kf6 67. Rf5+ Kg6 68. h5+ Kh6 69. Rf6+ Kg7 70. Rb6 Rg1+ 71. Kf5 Rh1 72. h6+
Kh7 73. Ra6 Rf1 74. Rd6 Rf2 75. Re6 Rf1 76. Rf6 Re1 77. Rd6 Rf1 78. Kg5 Rg1+ 79.
Kf6 Kxh6 80. Kf7+ Kh7 81. f5 Ra1 82. Re6 Ra7+ 83. Re7 Ra8 84. f6 Rb8 85. Re2
Rb7+ 86. Kf8 Rb8+ 87. Re8 Rb7 88. Re7+ Kh8 89. f7 Rb8+ 90. Re8 Rb7 91. Rc8 Rb1
92. Ke7+ 1-0

[Event "World Blitz Women 2025"]
[Site "Doha QAT"]
[Date "2025.12.29"]
[Round "3.9"]
[White "Tarasenka, Aliaksandra"]
[Black "Salimova, Nurgyul"]
[Result "1-0"]
[WhiteTitle "WIM"]
[BlackTitle "IM"]
[WhiteElo "2266"]
[BlackElo "2396"]
[WhiteFideId "13514288"]
[BlackFideId "2915138"]
[EventDate "2025.12.29"]

1. e4 e5 2. Nf3 Nc6 3. Bc4 Nf6 4. d3 Be7 5. Nc3 d6 6. a3 O-O 7. Be3 Be6 8. Ng5
Bxc4 9. dxc4 Qd7 10. h3 Nd8 11. Qd3 Ne6 12. Nf3 c6 13. O-O-O Qc7 14. g4 Nd7 15.
h4 a6 16. g5 b5 17. h5 Ndc5 18. Qe2 Rab8 19. g6 fxg6 20. hxg6 h6 21. Nh4 Nf4 22.
Qg4 Nce6 23. Nf5 Bg5 24. Nxd6 Nd4 25. Nf7 Rxf7 26. gxf7+ Qxf7 27. cxb5 axb5 28.
Kb1 b4 29. axb4 Rxb4 30. Bxd4 exd4 31. Na2 Rb8 32. Rxd4 Ra8 33. b3 Ne6 34. Rc4
Bf6 35. Rd1 Kh8 36. Qf5 c5 37. e5 Nd4 38. Rdxd4 cxd4 39. exf6 gxf6 40. Qe4 Rg8
41. Rxd4 Qc7 42. Kb2 Rg5 43. Rc4 Qf7 44. Qd4 Re5 45. f4 Re7 46. Rc6 Kg7 47. Nc3
Rd7 48. Qb6 h5 49. Ne4 Rb7 50. Qd4 Rd7 51. Qc3 1-0

[Event "World Blitz Women 2025"]
[Site "Doha QAT"]
[Date "2025.12.29"]
[Round "3.10"]
[White "Mungunzul, Bat-Erdene"]
[Black "Ismayil, Malak"]
[Result "1/2-1/2"]
[WhiteTitle "WIM"]
[BlackTitle "WIM"]
[WhiteElo "2350"]
[BlackElo "2138"]
[WhiteFideId "4902831"]
[BlackFideId "13412604"]
[EventDate "2025.12.29"]

1. d4 Nf6 2. c4 e6 3. Nf3 d5 4. Bg5 Bb4+ 5. Nc3 h6 6. Bxf6 Qxf6 7. Qb3 Nc6 8. e3
dxc4 9. Qxc4 O-O 10. Be2 Bxc3+ 11. Qxc3 Re8 12. Rc1 a6 13. O-O Qe7 14. Rfd1 Bd7
15. Nd2 Rec8 16. Nb3 Be8 17. Bf3 Nd8 18. Na5 c6 19. Nc4 Rc7 20. Nb6 Rb8 21. a4
f6 22. b4 Nf7 23. d5 Rd8 24. Bg4 f5 25. Bf3 Ng5 26. dxe6 Rxd1+ 27. Bxd1 Nxe6 28.
Qe5 Bf7 29. Bb3 Nf8 30. Bxf7+ Qxf7 31. h3 Re7 32. Qd6 Qe6 33. Qd4 Ng6 34. Rd1
Ne5 35. a5 Kh7 36. Qc5 Nd7 37. Qd4 Nxb6 38. axb6 Qf7 39. Qd6 Re6 40. Qb8 Re8 41.
Rd8 Rxd8 42. Qxd8 Kg6 43. Qd6+ Qf6 44. Qc7 Qf7 45. h4 Kf6 46. Qd8+ Qe7 47. Qc8
Kg6 48. g3 Kf6 49. h5 Qf7 50. Qd8+ Ke6 51. Qc8+ Qd7 52. Qg8+ Kd6 53. Kg2 Qe7 54.
Qb8+ Kd5 55. Qc7 Ke6 56. Qc8+ Qd7 57. Qf8 Qe7 58. Qg8+ Kd6 59. f3 Qxe3 60. Qxg7
Qe2+ 61. Kh3 Qf1+ 62. Kh2 Qf2+ 63. Kh3 Qf1+ 64. Kh2 Qf2+ 65. Kh3 1/2-1/2

[Event "World Blitz Women 2025"]
[Site "Doha QAT"]
[Date "2025.12.29"]
[Round "3.11"]
[White "Charvi A"]
[Black "Yip, Carissa"]
[Result "0-1"]
[WhiteTitle "WFM"]
[BlackTitle "IM"]
[WhiteElo "2270"]
[BlackElo "2459"]
[WhiteFideId "25165518"]
[BlackFideId "2090732"]
[EventDate "2025.12.29"]

1. e4 g6 2. d4 Bg7 3. Nf3 d6 4. Nc3 a6 5. Be2 b5 6. a3 Bb7 7. Be3 Nd7 8. O-O
Ngf6 9. Nd2 O-O 10. h3 Rc8 11. Bf3 c5 12. e5 Bxf3 13. Nxf3 Ne8 14. exd6 Nxd6 15.
dxc5 Nxc5 16. Bd4 Bxd4 17. Qxd4 Nc4 18. b3 Qxd4 19. Nxd4 Nb6 20. Rfe1 e6 21. Re3
Rfd8 22. Nf3 Rd6 23. Ne5 Rd2 24. Rc1 Nb7 25. Re2 Rdd8 26. Ne4 Kg7 27. Ng5 Rf8
28. Rd1 Nd5 29. Red2 Nc5 30. Ngf3 Ne4 31. Rd4 Nec3 32. R1d2 Nb1 33. Rd1 Nxa3 34.
c4 Nc3 35. Re1 Nc2 36. Rd3 Nxe1 37. Nxe1 b4 38. f3 0-1

[Event "World Blitz Women 2025"]
[Site "Doha QAT"]
[Date "2025.12.29"]
[Round "3.12"]
[White "Ju, Wenjun"]
[Black "Injac, Teodora"]
[Result "1-0"]
[WhiteTitle "GM"]
[BlackTitle "IM"]
[WhiteElo "2565"]
[BlackElo "2421"]
[WhiteFideId "8603006"]
[BlackFideId "932400"]
[EventDate "2025.12.29"]

1. Nf3 Nf6 2. c4 e6 3. b3 d5 4. Bb2 c5 5. cxd5 exd5 6. g3 Nc6 7. Bg2 d4 8. O-O
Be7 9. Na3 O-O 10. e3 Bg4 11. h3 Bh5 12. exd4 cxd4 13. Re1 Re8 14. g4 Bg6 15.
Nh4 Nd5 16. Nxg6 hxg6 17. Qf3 Ndb4 18. Rec1 Bg5 19. Nc4 b5 20. a3 bxc4 21. axb4
c3 22. dxc3 Bxc1 23. Rxc1 Rc8 24. Rd1 Qd6 25. b5 Ne5 26. Qg3 d3 27. c4 d2 28.
Qc3 f6 29. Rxd2 Qc5 30. Bd5+ Kh7 31. Qg3 g5 32. h4 Ng6 33. hxg5 fxg5 34. Rd1 Nh4
35. Qd3+ Kh6 36. Qd4 Qxd4 37. Bxd4 Rcd8 38. Bxa7 Re4 39. Bxe4 Rxd1+ 40. Kh2 Rd2
41. Be3 Rb2 42. b6 Rxb3 43. b7 Ng6 44. c5 Ne5 45. Kg3 Nc4 46. c6 Nxe3 47. fxe3
Rxe3+ 48. Bf3 1-0

[Event "World Blitz Women 2025"]
[Site "Doha QAT"]
[Date "2025.12.29"]
[Round "3.13"]
[White "Berend, Elvira"]
[Black "Lei, Tingjie"]
[Result "1-0"]
[WhiteTitle "WGM"]
[BlackTitle "GM"]
[WhiteElo "2265"]
[BlackElo "2569"]
[WhiteFideId "4000510"]
[BlackFideId "8605114"]
[EventDate "2025.12.29"]

1. e4 e6 2. d4 d5 3. e5 c5 4. c3 Nc6 5. Nf3 Bd7 6. Be2 Nge7 7. Na3 cxd4 8. cxd4
Nf5 9. Nc2 Be7 10. O-O O-O 11. Bd3 f6 12. exf6 Bxf6 13. Bxf5 exf5 14. Bf4 Re8
15. Ne5 g5 16. Nxc6 Bxc6 17. Be5 Bxe5 18. dxe5 Rxe5 19. f4 gxf4 20. Nd4 Qb6 21.
Kh1 Rae8 22. Qd2 Bd7 23. Qxf4 Re4 24. Qg5+ Qg6 25. Qd2 Qg4 26. Rad1 Kh8 27. h3
Qg6 28. Rf2 Qf6 29. a3 b6 30. Nf3 Ba4 31. Rdf1 Bb5 32. Rd1 Be2 33. Rg1 Bc4 34.
Re1 f4 35. Rd1 Re2 36. Rxe2 Rxe2 37. Qb4 Qg7 38. Rg1 h6 39. Qd6 Re4 40. Qd8+ Kh7
41. Qh4 Be2 42. Nd2 Rd4 43. Qe1 Bd3 44. Qf2 Ba6 45. Nf3 Re4 46. Qh4 Bb7 47. Qh5
Qf6 48. h4 d4 49. Ng5+ Kg7 50. Nxe4 Bxe4 51. Qg4+ Kh7 52. Rf1 Qf5 53. Qxf5+ Bxf5
54. Rxf4 1-0

[Event "World Blitz Women 2025"]
[Site "Doha QAT"]
[Date "2025.12.29"]
[Round "3.14"]
[White "Goryachkina, Aleksandra"]
[Black "Bulmaga, Irina"]
[Result "1-0"]
[WhiteTitle "GM"]
[BlackTitle "IM"]
[WhiteElo "2534"]
[BlackElo "2389"]
[WhiteFideId "4147103"]
[BlackFideId "13903063"]
[EventDate "2025.12.29"]

1. e4 e5 2. Nf3 Nc6 3. Bb5 Nf6 4. O-O d6 5. Re1 Bd7 6. Bxc6 Bxc6 7. d4 exd4 8.
Nxd4 Be7 9. Nxc6 bxc6 10. Nc3 O-O 11. b3 Re8 12. Bb2 Nd7 13. Ne2 Bf6 14. Bxf6
Nxf6 15. Ng3 g6 16. Qd2 Re6 17. Rad1 Qe7 18. f3 Re8 19. Qf2 d5 20. Qxa7 dxe4 21.
Nxe4 Nxe4 22. fxe4 Rxe4 23. Rxe4 Qxe4 24. Qf2 Re5 25. h3 Kg7 26. Rd7 Rf5 27.
Qd4+ Qxd4+ 28. Rxd4 Rc5 29. c4 Ra5 30. a4 Kf6 31. Kf2 Ke6 32. Ke3 Ra7 33. Kd3 f5
34. Kc3 c5 35. Rd5 Ra5 36. Rd8 g5 37. Rh8 Ke5 38. Rxh7 c6 39. Rg7 Kf4 40. g3+
Kxg3 41. Rxg5+ Kxh3 42. Rxf5 Kg4 43. Re5 Kf4 44. Re6 Ra6 45. Kb2 Kf5 46. Rh6 Ke5
47. Kc3 Ke4 48. Re6+ Kf5 49. Re1 Kf6 50. Kb2 Kf5 51. Ka3 Ra8 52. Re7 Kf6 53. Rc7
Ra6 54. b4 cxb4+ 55. Kxb4 Ke6 56. c5 Kd5 57. Rd7+ Ke6 58. Rd6+ Ke7 59. Rd3 Ke8
60. Rd4 Ke7 61. Kc3 Ra8 62. Rb4 Kd7 63. Kb3 Kc7 64. Rh4 Rf8 65. Rh7+ Kb8 66. Kb4
Rf5 67. Ka5 Rf1 68. Kb6 Rb1+ 69. Kxc6 Ra1 70. Rh4 Ka7 71. Kc7 Rg1 72. c6 Rg7+
73. Kd6 Rg6+ 74. Kc5 Rg5+ 75. Kb4 Kb6 76. Rc4 Rg7 77. a5+ Kc7 78. Kb5 Rg5+ 79.
Ka6 Rg6 80. Kb5 Rg5+ 81. Rc5 Rg6 82. a6 Rg1 83. a7 Ra1 84. Rh5 Rxa7 85. Rh7+ Kb8
86. Rxa7 Kxa7 87. Kc5 Kb8 88. Kd6 Kc8 89. c7 1-0

[Event "World Blitz Women 2025"]
[Site "Doha QAT"]
[Date "2025.12.29"]
[Round "3.15"]
[White "Assaubayeva, Bibisara"]
[Black "Batsiashvili, Nino"]
[Result "1/2-1/2"]
[WhiteTitle "GM"]
[BlackTitle "GM"]
[WhiteElo "2497"]
[BlackElo "2462"]
[WhiteFideId "13708694"]
[BlackFideId "13602993"]
[EventDate "2025.12.29"]

1. Nf3 d5 2. c4 e6 3. g3 Nf6 4. Bg2 Bd6 5. O-O O-O 6. b3 e5 7. Bb2 Re8 8. cxd5
Nxd5 9. e4 Nf6 10. Nc3 Nc6 11. d4 exd4 12. Nxd4 Nxd4 13. Qxd4 Be5 14. Qxd8 Rxd8
15. Rfd1 Bg4 16. f3 Be6 17. Na4 Bxb2 18. Nxb2 Kf8 19. Nd3 b6 20. Rac1 c5 21. Ne5
Rxd1+ 22. Rxd1 Rc8 23. Bf1 g5 24. Kf2 g4 25. Bb5 gxf3 26. Kxf3 a6 27. Bxa6 Ra8
28. Bc4 Bxc4 29. bxc4 Rxa2 30. Rd6 Ne8 31. Rxb6 Rxh2 32. Nd7+ Kg7 33. Nxc5 Rc2
34. Nd3 1/2-1/2

[Event "World Blitz Women 2025"]
[Site "Doha QAT"]
[Date "2025.12.29"]
[Round "3.16"]
[White "Balajayeva, Khanim"]
[Black "Kosteniuk, Alexandra"]
[Result "0-1"]
[WhiteTitle "IM"]
[BlackTitle "GM"]
[WhiteElo "2351"]
[BlackElo "2483"]
[WhiteFideId "13406396"]
[BlackFideId "4128125"]
[EventDate "2025.12.29"]

1. e4 c6 2. d4 d5 3. e5 c5 4. c3 Nc6 5. Bb5 cxd4 6. cxd4 Bf5 7. Nc3 e6 8. Nf3
Ne7 9. O-O a6 10. Be2 h6 11. Na4 Bh7 12. Nc5 Rb8 13. Be3 Nf5 14. Rc1 Qb6 15. Qd2
Be7 16. a3 Na5 17. b4 Nc6 18. Rc3 Bxc5 19. Rxc5 O-O 20. Rfc1 Nxe3 21. Qxe3 Ne7
22. Qc3 Be4 23. Ne1 f6 24. Rc7 Nc6 25. Rd7 Nxd4 26. Bd1 fxe5 27. Qc7 Ne2+ 28.
Kh1 Qxf2 29. Rxg7+ Kh8 30. Rh7+ Bxh7 31. Qxe5+ Kg8 32. Qxe6+ Rf7 33. Bxe2 Be4
34. Nf3 Qxe2 35. Rc7 Qf1+ 0-1

[Event "World Blitz Women 2025"]
[Site "Doha QAT"]
[Date "2025.12.29"]
[Round "3.17"]
[White "Charkhalashvili, Inga"]
[Black "Garifullina, Leya"]
[Result "1/2-1/2"]
[WhiteTitle "WGM"]
[BlackTitle "IM"]
[WhiteElo "2235"]
[BlackElo "2454"]
[WhiteFideId "13601431"]
[BlackFideId "34127035"]
[EventDate "2025.12.29"]

1. d4 Nf6 2. c4 e6 3. Nf3 d5 4. Nc3 Bb4 5. e3 O-O 6. Bd3 dxc4 7. Bxc4 c5 8. O-O
Nc6 9. a3 Ba5 10. Ne2 cxd4 11. Nexd4 Nxd4 12. Nxd4 Bb6 13. Nf3 Qxd1 14. Rxd1 Bd7
15. Ne5 Rfd8 16. Bd2 Be8 17. Bb4 Rdc8 18. Rac1 h6 19. h3 Rd8 20. Be7 Rxd1+ 21.
Rxd1 Rc8 22. Bb3 Ne4 23. Nc4 Bc5 24. Bxc5 Nxc5 25. Ba2 Ba4 26. Rd4 Bb3 27. Nd6
Rc6 28. Bb1 g6 29. Kh2 a5 30. Ne4 Nxe4 31. Bxe4 Rc7 32. Rd6 b5 33. Bc6 b4 34.
axb4 axb4 35. e4 e5 36. Kg3 Kf8 37. Bd5 Bxd5 38. Rxd5 Rc2 39. Rxe5 Rxb2 40. Rb5
Ke7 41. f4 Rb3+ 42. Kg4 h5+ 43. Kh4 Rb2 44. g4 hxg4 45. hxg4 b3 46. e5 Rb1 47.
Kg5 b2 48. Rb6 Ke8 49. Kf6 Rf1 50. Rxb2 Rxf4+ 51. Kg5 Rf1 52. Rb7 1/2-1/2

[Event "World Blitz Women 2025"]
[Site "Doha QAT"]
[Date "2025.12.29"]
[Round "3.18"]
[White "Vaishali, Rameshbabu"]
[Black "Bivol, Alina"]
[Result "0-1"]
[WhiteTitle "GM"]
[BlackTitle "IM"]
[WhiteElo "2473"]
[BlackElo "2360"]
[WhiteFideId "5091756"]
[BlackFideId "4100123"]
[EventDate "2025.12.29"]

1. Nf3 Nf6 2. g3 b6 3. Bg2 Bb7 4. O-O g6 5. d3 Bg7 6. e4 d6 7. a4 a5 8. Nc3 O-O
9. Nh4 e5 10. Qe1 Nc6 11. f4 exf4 12. Bxf4 Re8 13. Qd2 Ng4 14. h3 Nge5 15. Nd5
Ne7 16. Bg5 Bxd5 17. exd5 Nd7 18. d4 f6 19. Bh6 0-1

[Event "World Blitz Women 2025"]
[Site "Doha QAT"]
[Date "2025.12.29"]
[Round "3.19"]
[White "Muzychuk, Anna"]
[Black "Nomin-Erdene, Davaademberel"]
[Result "1-0"]
[WhiteTitle "GM"]
[BlackTitle "IM"]
[WhiteElo "2518"]
[BlackElo "2312"]
[WhiteFideId "14111330"]
[BlackFideId "4900782"]
[EventDate "2025.12.29"]

1. e4 c6 2. d4 d5 3. e5 Bf5 4. h4 h5 5. Bd3 Bxd3 6. Qxd3 Qa5+ 7. Nd2 e6 8. Nf3
Nh6 9. O-O Nf5 10. Nb3 Qb5 11. Qd1 c5 12. a4 Qc6 13. dxc5 Bxc5 14. Nxc5 Qxc5 15.
c3 a5 16. Bg5 Nd7 17. Nd4 Nxd4 18. cxd4 Qb6 19. Ra3 Nb8 20. Rb3 Qa6 21. Qc2 Nc6
22. Qc5 Qa7 23. Qd6 Qb8 24. Qc5 Qa7 25. Rb6 Rc8 26. Rxc6 Qxc5 27. Rxc5 Rxc5 28.
dxc5 Kd7 29. Rd1 Rc8 30. Be3 f6 31. exf6 gxf6 32. Rd3 Kc6 33. Rb3 Re8 34. Rb6+ 1-0

[Event "World Blitz Women 2025"]
[Site "Doha QAT"]
[Date "2025.12.29"]
[Round "3.20"]
[White "Roebers, Eline"]
[Black "Machlik, Monika"]
[Result "1/2-1/2"]
[WhiteTitle "IM"]
[WhiteElo "2396"]
[BlackElo "2084"]
[WhiteFideId "1058401"]
[BlackFideId "1513621"]
[EventDate "2025.12.29"]

1. e4 c6 2. Nf3 d5 3. Nc3 dxe4 4. Nxe4 Nf6 5. Qe2 Nxe4 6. Qxe4 Qa5 7. Bc4 Bf5 8.
Qf4 e6 9. c3 Nd7 10. O-O Be7 11. d4 O-O 12. Re1 Rad8 13. Ne5 Nxe5 14. Rxe5 Qb6
15. Re2 Bd6 16. Qh4 Qc7 17. Bg5 Rc8 18. Rae1 Rfe8 19. Bb3 Be7 20. Bxe7 Qxe7 21.
Qxe7 Rxe7 22. Re5 Bg6 23. a4 h6 24. f4 Rec7 25. g4 Bd3 26. R1e3 Bb1 27. f5 exf5
28. gxf5 Kf8 29. Bc4 f6 30. Ra5 b6 31. Ra6 Bxf5 32. a5 b5 33. Bd3 Bxd3 34. Rxd3
Rd8 35. Kf2 Rd5 36. b3 Rf5+ 37. Kg3 Kf7 38. c4 Rg5+ 39. Kf4 Rg2 40. h3 Rf2+ 41.
Kg3 Re2 42. d5 bxc4 43. bxc4 cxd5 44. cxd5 Rd7 45. d6 Re6 46. Rc6 g5 47. Rc7
Rxc7 48. dxc7 Rc6 49. Rd7+ Ke6 50. Rh7 Kd6 51. c8=N+ Rxc8 52. Rxa7 Rc3+ 1/2-1/2

[Event "World Blitz Women 2025"]
[Site "Doha QAT"]
[Date "2025.12.29"]
[Round "3.21"]
[White "Muzychuk, Mariya"]
[Black "Zherebtsova, Alexandra"]
[Result "1-0"]
[WhiteTitle "GM"]
[BlackTitle "FM"]
[WhiteElo "2475"]
[BlackElo "2307"]
[WhiteFideId "14114550"]
[BlackFideId "24129518"]
[EventDate "2025.12.29"]

1. e4 e5 2. Nf3 Nc6 3. Bc4 Nf6 4. d3 Be7 5. O-O O-O 6. Nc3 d6 7. a4 Na5 8. Ba2
c5 9. Bg5 Nc6 10. h3 Be6 11. Bxf6 Bxf6 12. Nd5 g6 13. Nxf6+ Qxf6 14. c3 Bxa2 15.
Rxa2 Rad8 16. Qb3 Rd7 17. Rd1 Rfd8 18. Raa1 d5 19. exd5 Rxd5 20. a5 Kg7 21. Nh2
R8d7 22. Ng4 Qd8 23. Ne3 Rxd3 24. Rxd3 Rxd3 25. Qxb7 Qd7 26. a6 f5 27. Nc4 e4
28. b4 cxb4 29. cxb4 Kh6 30. b5 Ne7 31. Qxd7 Rxd7 32. b6 1-0

[Event "World Blitz Women 2025"]
[Site "Doha QAT"]
[Date "2025.12.29"]
[Round "3.22"]
[White "Badelka, Olga"]
[Black "Nurman, Alua"]
[Result "1/2-1/2"]
[WhiteTitle "IM"]
[BlackTitle "WGM"]
[WhiteElo "2395"]
[BlackElo "2367"]
[WhiteFideId "13509926"]
[BlackFideId "13729390"]
[EventDate "2025.12.29"]

1. d4 Nf6 2. Nf3 g6 3. Nbd2 Bg7 4. e4 d6 5. Bd3 O-O 6. O-O c6 7. Re1 Qc7 8. h3
b5 9. a4 bxa4 10. Rxa4 Nbd7 11. e5 Nd5 12. exd6 exd6 13. Ne4 N7b6 14. Ra1 Bf5
15. c3 Rfe8 16. Bg5 h6 17. Bd2 a5 18. Qc2 c5 19. dxc5 dxc5 20. Ng3 Bxd3 21. Qxd3
c4 22. Qc2 a4 23. Nd4 Nf4 24. Bxf4 Qxf4 25. Rxe8+ Rxe8 26. Nf3 h5 27. Rd1 Qc7
28. Ng5 Qf4 29. Nf3 Qc7 30. Ng5 Qf4 31. Nf3 Qc7 32. Ng5 1/2-1/2

[Event "World Blitz Women 2025"]
[Site "Doha QAT"]
[Date "2025.12.29"]
[Round "3.23"]
[White "Yakimova, Mariya"]
[Black "Dronavalli, Harika"]
[Result "1/2-1/2"]
[WhiteTitle "WFM"]
[BlackTitle "GM"]
[WhiteElo "2241"]
[BlackElo "2466"]
[WhiteFideId "34188859"]
[BlackFideId "5015197"]
[EventDate "2025.12.29"]

1. d4 e6 2. Bf4 c5 3. e3 d5 4. Nf3 Nf6 5. Nbd2 Qb6 6. Rb1 cxd4 7. exd4 Bd7 8. c3
Bb5 9. h4 Nc6 10. h5 h6 11. Qb3 Bxf1 12. Nxf1 Qa6 13. Ne3 Be7 14. a4 Nd7 15. Qb5
Qxb5 16. axb5 Na5 17. Ra1 Nc4 18. Nxc4 dxc4 19. Nd2 Nb6 20. Bc7 Nd5 21. Be5 f6
22. Bg3 Nb6 23. Bc7 Nd5 24. Bg3 Nb6 25. Bc7 Kd7 26. Bxb6 axb6 27. Ke2 Rac8 28.
Ra4 Bd8 29. Rha1 Bc7 30. Rxc4 e5 31. Ra7 Rb8 32. dxe5 Bxe5 33. Nf3 Rhe8 34. Kd3
Re7 35. Rg4 Kd6 36. Nxe5 fxe5 37. Rg6+ Kc5 38. c4 Kb4 39. Rxb6 Rd8+ 40. Ke3 Rdd7
41. b3 e4 42. Rg6 Rd3+ 43. Ke2 Kc3 44. c5 e3 45. fxe3 Rdxe3+ 46. Kf2 Re2+ 47.
Kg1 Re1+ 48. Kh2 R1e5 49. Rg3+ Kb4 50. c6 Rxh5+ 51. Rh3 Rxb5 52. Rxb7 Rbxb7 53.
cxb7 Rxb7 54. Rg3 Rf7 55. Kh3 Ka3 56. Kh4 g5+ 57. Kh5 Rf6 58. Rf3 Rb6 59. Rh3
Rd6 60. Rg3 Kb4 61. Rf3 Rc6 62. Rg3 Rb6 63. Rf3 Kc5 64. Rd3 Re6 65. Rf3 Kd4 66.
Rf8 Rb6 67. Rf3 Ke4 68. Rc3 Kd4 69. Rf3 Ke4 70. Rc3 Kf4 71. Rf3+ Ke5 72. Re3+
Kf5 73. Rf3+ Ke4 74. Rc3 Kd4 1/2-1/2

[Event "World Blitz Women 2025"]
[Site "Doha QAT"]
[Date "2025.12.29"]
[Round "3.24"]
[White "Aydin, Gulenay"]
[Black "Dzagnidze, Nana"]
[Result "0-1"]
[WhiteTitle "WIM"]
[BlackTitle "GM"]
[WhiteElo "2259"]
[BlackElo "2469"]
[WhiteFideId "34557431"]
[BlackFideId "13601903"]
[EventDate "2025.12.29"]

1. e4 c5 2. Nf3 a6 3. c3 d5 4. exd5 Qxd5 5. d4 e6 6. Be2 Nf6 7. O-O Nbd7 8. c4
Qc6 9. Nc3 Bd6 10. Bg5 O-O 11. a3 b6 12. Ne5 Qc7 13. Nxd7 Nxd7 14. Bf3 Ra7 15.
d5 Ne5 16. Be2 Ng6 17. h3 e5 18. Ne4 f5 19. Nxd6 Qxd6 20. Bh5 f4 21. f3 Rf5 22.
Bg4 Rf8 23. Bxc8 Rxc8 24. Qe1 Re8 25. Bh4 Rf7 26. Bf2 e4 27. fxe4 Ne5 28. Kh2
Nxc4 29. Kg1 Qg6 30. Qe2 Rxe4 31. Qf3 Ne5 32. Qd1 f3 33. g3 Re2 34. d6 Qe4 35.
d7 Rxd7 36. Qb3+ c4 37. Qxb6 h6 38. Rad1 Rd3 39. Qe6+ Kh7 40. Rde1 Rdd2 41. Rc1
a5 42. b3 Nd3 43. Rxc4 Qxe6 0-1

[Event "World Blitz Women 2025"]
[Site "Doha QAT"]
[Date "2025.12.29"]
[Round "3.25"]
[White "Nguyen Hong Nhung"]
[Black "Song, Yuxin"]
[Result "0-1"]
[WhiteTitle "FM"]
[BlackTitle "IM"]
[WhiteElo "2268"]
[BlackElo "2454"]
[WhiteFideId "12412201"]
[BlackFideId "8614300"]
[EventDate "2025.12.29"]

1. e4 c5 2. Nf3 Nc6 3. d4 cxd4 4. Nxd4 Qb6 5. Nb3 g6 6. Be3 Qb4+ 7. N1d2 Bg7 8.
c3 Qd6 9. Be2 Nf6 10. O-O O-O 11. f3 Qc7 12. Qe1 d5 13. Qh4 dxe4 14. Nxe4 Nxe4
15. Qxe4 Bf5 16. Qh4 Rfd8 17. Rac1 a5 18. a4 b6 19. Qf2 Rab8 20. Bb5 Ne5 21. Qg3
h6 22. Nd4 Bd7 23. Bf4 Bxb5 24. Nxb5 Qc5+ 25. Kh1 g5 26. Bxe5 Bxe5 27. Qh3 Bg7
28. Rcd1 e6 29. Qg4 Qe3 30. h4 Rxd1 31. Rxd1 Qe2 32. Rb1 gxh4 33. Nd4 Qd3 34.
Re1 Rd8 35. Qxh4 Rd5 36. Re4 Qb1+ 37. Re1 Qxb2 38. Nc6 Rg5 39. Qh2 Qxc3 40. Ne7+
Kf8 41. Rd1 Kxe7 42. Qd6+ Kf6 43. Qf4+ Kg6 44. Qe4+ Rf5 45. g4 Qxf3+ 46. Qxf3
Rxf3 47. Rb1 Bd4 48. Kg2 Ra3 49. Rd1 Bc5 50. Rd8 Rxa4 51. Kg3 Ra3+ 52. Kf4 Ra4+
53. Kf3 Rb4 54. Rg8+ Kf6 55. Rh8 Kg7 56. Rc8 a4 57. Kg3 a3 58. Kh4 Be7+ 59. Kh5
Rb5+ 60. g5 Rxg5+ 61. Kh4 Rc5+ 0-1

[Event "World Blitz Women 2025"]
[Site "Doha QAT"]
[Date "2025.12.29"]
[Round "3.26"]
[White "Kurmangaliyeva, Liya"]
[Black "Arabidze, Meri"]
[Result "0-1"]
[WhiteTitle "FM"]
[BlackTitle "IM"]
[WhiteElo "2339"]
[BlackElo "2413"]
[WhiteFideId "13725831"]
[BlackFideId "13604040"]
[EventDate "2025.12.29"]

1. Nf3 Nf6 2. g3 b5 3. Bg2 Bb7 4. O-O e6 5. d3 c5 6. e4 d6 7. d4 Nxe4 8. Nfd2 d5
9. a4 Nxd2 10. Nxd2 bxa4 11. Rxa4 Nd7 12. Re1 Nb6 13. Ra1 cxd4 14. Qg4 Qf6 15.
Nb3 h5 16. Qd1 Bb4 17. Re2 h4 18. Bf4 hxg3 19. hxg3 Nc4 20. Ra2 O-O 21. Qc1 e5
22. Bg5 Qg6 23. c3 dxc3 24. bxc3 Bxc3 25. Nc5 Bc6 26. Ra6 Bd4 27. Bxd5 Qh5 28.
Rea2 Bxd5 29. Kf1 Qh1+ 30. Ke2 Qf3+ 31. Kf1 Bxc5 32. Bh6 Qh1+ 33. Ke2 Qxc1 0-1